|
|
|
|
| LEADER |
01796njm a2200493 a 4500 |
| 001 |
000198390 |
| 003 |
CZ BrMZK |
| 005 |
20141020155627.0 |
| 008 |
950101s1995 xr f cze d |
| 028 |
0 |
1 |
|a 660091-4331
|b Monitor-EMI
|
| 040 |
|
|
|a BOA001
|b cze
|
| 080 |
|
|
|a 784.4(086.7)
|2 MRF
|
| 100 |
1 |
|
|a Viklický, Emil,
|d 1948-
|7 jn19990010022
|4 prf
|
| 245 |
1 |
0 |
|a Last connection from Niraski
|h [zvukový záznam] /
|c Viklický, Švamberk.
|
| 246 |
3 |
3 |
|a St. James infirmary part II
|
| 246 |
3 |
3 |
|a Zen mystery
|
| 246 |
3 |
3 |
|a Akihabara computer news
|
| 246 |
3 |
3 |
|a Dozo
|
| 246 |
3 |
3 |
|a Hot noodles!
|
| 246 |
3 |
3 |
|a Kyoto toys
|
| 246 |
3 |
3 |
|a Kyoto toys coda
|
| 246 |
3 |
3 |
|a Mamonaku... I think I have it
|
| 246 |
3 |
3 |
|a Pachinko
|
| 246 |
3 |
3 |
|a Shinjuku
|
| 246 |
3 |
3 |
|a Shinkiba
|
| 246 |
3 |
3 |
|a St. James infirmary
|
| 260 |
|
|
|a Praha :
|b Monitor-EMI,
|c p1995
|
| 300 |
|
|
|a 1 MC :
|b stereo, Dolby systém +
|e 1 složený list.
|
| 500 |
|
|
|a Nahr. neuv
|
| 500 |
|
|
|a Durata neuv
|
| 505 |
2 |
|
|a St. James infirmary, Akihabara computer news, Zen mystery ... [et al.]
|
| 511 |
0 |
|
|a Laurie Amat, zpěv; Lucie Bílá, zpěv; Lindsay Cooper, saxofon ... [et al.].
|
| 653 |
0 |
|
|a intermediální žánry
|a jazzová hudba
|
| 700 |
1 |
|
|a Amat, Laurie,
|d 1955-
|7 mzk2014844166
|4 prf
|
| 700 |
1 |
|
|a Bílá, Lucie,
|d 1966-
|7 jn19990209056
|4 prf
|
| 700 |
1 |
|
|a Cooper, Lindsay,
|d 1951-2013
|7 ola2009488068
|4 prf
|
| 700 |
1 |
|
|a Posejpal, Miroslav,
|d 1952-
|7 xx0142492
|4 prf
|
| 700 |
1 |
|
|a Trpák, Petr
|7 mzk2014844167
|4 prf
|
| 700 |
1 |
|
|a Šťástka, Vladimír,
|d 1961-
|7 xx0171111
|4 prf
|
| 700 |
1 |
|
|a Švamberk, Alex,
|d 1961-
|7 jn20000402926
|
| 910 |
|
|
|a BOA001
|b KZ-0003.772
|
| 964 |
|
|
|a Hudba jazzová
|x MC
|
| 990 |
|
|
|a AV
|
| 996 |
6 |
|
|b 261H003808
|c KZ-0003.772
|l MZK
|r Sklad / do 24 hodin
|n 0
|p p.v.
|w 000198390
|u 000010
|a 1
|e BOA001
|j MZK50
|s P
|